| 000 | 00848nam a22002417a 4500 | ||
|---|---|---|---|
| 003 | UA-OsUOA | ||
| 001 | 50432 | ||
| 007 | ta | ||
| 008 | 20140606b un ||||| |||| 00| 0 ukr d | ||
| 100 | _aВласовський І. | ||
| 090 |
_a27(477) _bВ58 |
||
| 942 | _cBK | ||
| 040 |
_aUA-OsUOA _bukr _cUA-OsUOA _dUA-OsUOA |
||
| 245 |
_aНарис історії української православної церкви _bІІ _cXVII ст. |
||
| 300 | _a397 с. | ||
| 955 | _a1 | ||
| 041 | _aukr | ||
| 080 | _a27(477) | ||
| 260 |
_aН.-Й.; Бавнд Брук _bУкраїнська православна церква _c1956 |
||
| 650 | 7 |
_a27 Загальна історія Християнської церкви _2UDC |
|
| 999 |
_c430551 _d430551 |
||